Siła paszportów państw - TOP 18 - 2026.01. - Statystyki

Ogólne statystyki
  • Ten quiz został rozwiązany 19 razy
  • Średni wynik to 14 z 18
Statystyki odpowiedzi
Pozycja Destynacje wolne od wiz Państwo % Poprawnych
9. 185 Holandia
94%
9. 185 Niemcy
94%
9. 185 Belgia
88%
4. 186 Dania
88%
4. 186 Hiszpania
88%
2. 188 Japonia
88%
9. 185 Norwegia
88%
4. 186 Szwecja
88%
9. 185 Austria
82%
4. 186 Luksemburg
82%
4. 186 Szwajcaria
82%
9. 185 Finlandia
76%
2. 188 Korea Południowa
76%
9. 185 Włochy
76%
9. 185 Irlandia
71%
9. 185 Francja
65%
9. 185 Grecja
59%
1. 192 Singapur
41%
Nie znaleziono quizów pasujących do podanych kryteriów
Rozkład punktacji
Procent ludzi z każdym wynikiem
Percentyl według liczby udzielonych odpowiedzi
Twoja historia wyników
Nie rozwiązałeś tego quizu